000 00549nam a2200193Ia 4500
001 22626
003 GE_BSU
008 181216s||||||||xx |||||||||||||| ||und||
040 _cGE_BSU
245 _aРеферативный журнал.Биология. №5. 2018
245 _cГл.ред.Петров Р.В.
260 _aМосква
260 _bВинити
260 _c2018
300 _a36 стр. 30см.
653 _aБиология
653 _aРеферативный журнал. Биология. №5. 2018
942 _cCR
999 _c55544
_d55544